Composite Structures of Steel and Concrete Vol 1 (Record no. 201249)

MARC details
000 -LEADER
fixed length control field 00493nam a2200193Ia 4500
008 - FIXED-LENGTH DATA ELEMENTS--GENERAL INFORMATION
fixed length control field 240823s9999||||xx |||||||||||||| ||und||
020 ## - INTERNATIONAL STANDARD BOOK NUMBER
International Standard Book Number 0-632-02507-7
082 ## - DEWEY DECIMAL CLASSIFICATION NUMBER
-- 624.1821 N4
100 ## - MAIN ENTRY--PERSONAL NAME
Personal name Johnson R P
245 #0 - TITLE STATEMENT
Title Composite Structures of Steel and Concrete Vol 1
250 ## - EDITION STATEMENT
Edition statement 2nd
260 ## - PUBLICATION, DISTRIBUTION, ETC. (IMPRINT)
Date of publication, distribution, etc 1994
Name of publisher, distributor, etc Blackwell Scientific Publica
500 ## - GENERAL NOTE
General note TRANSFERED
650 ## - SUBJECT ADDED ENTRY--TOPICAL TERM
Topical term or geographic name as entry element Steel and Concrete
942 ## - ADDED ENTRY ELEMENTS (KOHA)
Item type Books
Holdings
Withdrawn status Lost status Damaged status Permanent location Current location Shelving location Date acquired Cost, normal purchase price Full call number Barcode Date last seen Koha item type
      CENTRAL LIBRARY, NOORUL ISLAM CENTRE FOR HIGHER EDUCATION CENTRAL LIBRARY, NOORUL ISLAM CENTRE FOR HIGHER EDUCATION   09/11/2013 750.00 624.1821 N4 52385 08/23/2024 Books
Visitors:
Copyright © 2024 Central Library NICHE.  All rights reserved.